Harry Potter Places - Sudden Death - Statistics

General Stats
  • This quiz has been taken 5,293 times
    997 since last reset
  • The average score is 24 of 30
Answers on the Grid
Answers color-coded by a green-red scale on the quiz's grid according to % correct below.
#12 Grimmauld Place
#1600 Pennsylvania Avenue
#221B Baker Street
#4 Privet Drive
Agartha
Asgard
Asphodel Meadows
Avalon
Azkaban
Beauxbatons
Bletchley Park
Chamber of Secrets
Chryse and Argyre
Diagon Alley
Dorne
Dragonstone
Durmstrang
Eeylops Owl Emporium
Elysium
Flourish & Blotts
Gambol and Japes
Godric's Hollow
Gringotts Wizarding Bank
Hogsmeade
Hogwarts
Honeydukes
Hyperborea
King's Cross
Lilliput
Little Whinging
Malfoy Manor
Ministry of Magic
Mirkwood
Mordor
Narnia
Old Trafford
Ollivanders
Pall Mall
Pemberly
Platform 9 3/4
Rivendell
Shangri-la
Shell Cottage
Sherwood Forest
Spinner's End
Stamford Bridge
Stonehenge
The Burrow
The Forbidden Forest
The Globe Theatre
The Leaky Cauldron
The Magical Menagerie
The Millennium Wheel
The Shard
The Shire
The Shrieking Shack
The Three Broomsticks
Twilfitt and Tatting's
Wakanda
Westeros
 
Answer Stats
Answer % Correct
Azkaban
95%
Hogwarts
95%
Chamber of Secrets
94%
Ministry of Magic
94%
Platform 9 3/4
93%
Diagon Alley
92%
Gringotts Wizarding Bank
92%
Hogsmeade
92%
Godric's Hollow
91%
Malfoy Manor
90%
Ollivanders
90%
The Forbidden Forest
90%
#4 Privet Drive
89%
The Three Broomsticks
87%
#12 Grimmauld Place
86%
The Leaky Cauldron
86%
King's Cross
85%
Beauxbatons
83%
Durmstrang
82%
Flourish & Blotts
82%
The Shrieking Shack
82%
The Burrow
75%
Eeylops Owl Emporium
74%
Honeydukes
74%
Little Whinging
72%
Twilfitt and Tatting's
62%
The Magical Menagerie
61%
Shell Cottage
54%
Spinner's End
48%
Gambol and Japes
40%
No matching quizzes found
Score Distribution
Percent of People with Each Score
Percentile by Number Answered
Your Score History
You have not taken this quiz since the last reset